Score 0/20 Timer 03:00
0 Plays Today
Title Word % Correct
Moving to _____ YorkNew
96.5%
Something in the _____ She MovesWay
94.6%
All the _____ MovesRight
90.7%
_____ On Movin’Keep
86.9%
Don’t Sit _____ ’Cause I’ve Moved Your ChairDown
86.7%
I Shall _____ Be MovedNot
86.2%
Movin’ On _____ (Theme to The Jeffersons)Up
84.5%
Don’t _____ Movin’Stop
83.8%
Does This _____ You’re Moving On?Mean
81.7%
Moves like _____Jagger
81.5%
Title Word % Correct
I’m Movin’ _____On
80.4%
_____ a MoveBust
80.4%
I Feel the _____ MoveEarth
77.1%
_____ MovesNight
68.3%
Never Make a Move Too _____Soon
67.3%
_____ Gotta MoveYou
66.5%
Movin’ _____ (Anthony’s Song)Out
64.3%
That’s It, I _____, I’m Movin’ OnQuit
61.5%
Movin’ On Down the _____Line
55.3%
Move _____Along
48.6%

Today's Daily Dose

Remove Ads.
Support Sporcle.
Get the best of Sporcle when you Go Orange. This ad-free experience offers more features, more stats, and more fun while also helping to support Sporcle. Thank you for becoming a member.

You're not logged in!

Compare scores with friends on all Sporcle quizzes.
OR
Log In

Show Comments

Extras

Top Quizzes Today


Score Distribution

Your Account Isn't Verified!

In order to create a playlist on Sporcle, you need to verify the email address you used during registration. Go to your Sporcle Settings to finish the process.

Report this User

Report this user for behavior that violates our Community Guidelines.

Details: